Quiz Mr Bean - Statistiques

Statistiques générales
  • Ce quiz a été pris 36 fois
  • Le résultat moyen est 6 sur 15
Statistiques - réponses
Question Réponse % Correct
Comment s'appelle le doudou de mr bean ? Teddy
93%
Quand Mr Bean est à la piscine, que lui arrive-t-il ? Il perd son maillot de bain dans l'eau
75%
Quelle voiture conduit Mr. Bean dans le film ? Austin Mini
71%
Et qu'offre-t-il à Teddy, son ours en peluche ? Une paire de lunettes
61%
Pendant l'épisode ''Joyeux Noël Mr Bean'', qu'offre-t-il à sa petite amie ? Un crochet pour tableau
46%
Quelle couleur est la voiture de Mr. Bean ? Vert pomme
46%
Durant n'importe quel épisode, comment fait-il pour éteindre la lumière ? Il utilise un revolver
39%
Comment s'appelle l'acteur qui joue Mr Bean ? Rowan Atkinson
39%
Quelle est la durée de chaque épisode ? 24 minutes
29%
Quel âge a Mister Bean ? 70 ans
29%
Mr bean a combien d'épisodes ? 15
25%
Quelle est la fortune de Mr. Bean ? 150 millions de dollars
21%
Quelle est la voiture de Mr. Bean ? McLaren F1
21%
À quelle date le premier épisode de la série a-t-il été diffusé pour la première fois ? 1er janvier 1990
14%
Dans le premier épisode de ''Mr Bean'', que s'est-il passé durant la messe ? Il a un très grand fou rire et finit par se faire virer
0%
Aucun quiz correspondant
Distribution des résultats
% des personnes avec chaque résultat
Percentile par nombre de réponses
Votre historique - résultats
Vous n’avez pas pris ce quiz